000 00694nam a2200289Ia 4500
005 20260324125006.0
008 008 260324s9999 xx 000 0 eng d
020 _a9781315615714
037 _aEBOOK
040 _aCRL
040 _beng
040 _cCRL
041 _2eng
041 _aeng
084 _qCRL
100 _aDavid Crowther; Güler Aras
_91175879
245 4 _aThe Durable Corporation
245 0 _bStrategies for Sustainable Development
260 _bTaylor and Francis
260 _c2009
365 _a
365 _b230
856 _uhttp://www.taylorfrancis.com/books/9781315615714
942 _cEBOOK
999 _c1771158
_d1771158